000 00458nam a2200157 4500
001 108902
003 ES-MaACL
007 t|
008 061121s1975 sp r ||||1| spa d
100 1 _aMoutinho, Viale.
_983928
245 1 0 _aJosé Alfonso /
_cViale Moutinho; traducción de Ezequiel Mendez.
260 _aMadrid :
_bJúcar,
_c1975.
300 _a221 p., 8 lám. ;
_c18 cm.
700 1 _aMéndez, Ezequiel.
_980117
852 _aES-MaACL
_jE-8512
_bR.92774
999 _c108902
_d108902